TOP 10 Meilleurs buteurs compétitions (2024-2025) - Statistiques

Statistiques générales
  • Ce quiz a été pris 132 fois
  • Le résultat moyen est 37 sur 60
Statistiques - réponses
Championnat Classement Equipe Nombre de buts Réponse % Correct
Premier League 1er Liverpool 29 Mohammed Salah
100%
Premier League 3ème Manchester City 22 Erling Haaland
97%
Ligue des Champions =6ème Manchester City 8 Erling Haaland
97%
Bundesliga 1er Bayern Munich 26 Harry Kane
90%
Ligue des Champions =3ème Bayern Munich 11 Harry Kane
90%
Premier League 2ème Newcastle 23 Alexander Isak
87%
Liga 1er Real Madrid 31 Kylian Mbappé
86%
Ligue 1 =1er PSG 21 Ousmane Dembélé
85%
Ligue des Champions =6ème PSG 8 Ousmane Dembélé
85%
Premier League =8ème Chelsea 15 Cole Palmer
83%
Liga 2ème Barcelone 27 Robert Lewandowski
82%
Ligue des Champions =3ème Barcelone 11 Robert Lewandowski
82%
Serie A =7ème Inter 12 Lautaro Martinez
80%
Ligue des Champions 5ème Inter 9 Lautaro Martinez
80%
Ligue 1 =6ème PSG 14 Bradley Barcola
79%
Ligue 1 =1er OM 21 Mason Greenwood
79%
Liga 6ème Barcelone 18 Raphinha
79%
Ligue des Champions =1er Barcelone 13 Raphinha
79%
Ligue 1 5ème OL 15 Alexandre Lacazette
77%
Bundesliga =2ème Borussia Dortmund 21 Serhou Guirassy
76%
Ligue des Champions =1er Borussia Dortmund 13 Serhou Guirassy
76%
Ligue 1 4ème Lille 16 Jonathan David
75%
Ligue des Champions =9ème Lille 7 Jonathan David
75%
Ligue des Champions =6ème Real Madrid 8 Vinicius
73%
Liga 7ème Atletico Madrid 17 Julian Alvarez
72%
Ligue des Champions =9ème Atletico Madrid 7 Julian Alvarez
72%
Premier League =4ème Brentford 20 Bryan Mbeumo
69%
Premier League =10ème Crystal Palace 14 J-P Mateta
68%
Serie A =5ème Inter 14 Marcus Thuram
68%
Premier League 7ème Aston Villa 16 Ollie Watkins
64%
Liga 4ème Atletico Madrid 20 Alexander Sorloth
62%
Premier League =8ème Wolves 15 Matheus Cunha
62%
Serie A =5ème Naples 14 Romelu Lukaku
62%
Bundesliga =6ème Francfort 15 Hugo Ekitiké
61%
Bundesliga =2ème Bayer Leverkusen 21 Patrick Schick
61%
Serie A =3ème Atalanta 15 Ademola Lookman
60%
Premier League =4ème Nottingham Forest 20 Chris Wood
60%
Ligue 1 =8ème OM 13 Amine Gouiri
57%
Ligue 1 3ème Rennes 17 Arnaud Kalimuendo
57%
Serie A 1er Atalanta 25 Matteo Retegui
55%
Ligue 1 =8ème Brest 13 Ludovic Ajorque
54%
Ligue 1 =6ème Strasbourg 14 Emanuel Emegha
53%
Bundesliga 9ème Leipzig 13 Benjamin Sesko
51%
Serie A 2ème Fiorentina 10 Moise Kean
51%
Liga 3ème Osasuna 21 Ante Budimir
50%
Premier League 6ème Brentford 19 Yoann Wissa
50%
Bundesliga =6ème Francfort 15 Omar Marmoush
49%
Ligue 1 =8ème Monaco 13 Mika Biereth
48%
Serie A =7ème Naples 12 Scott McTominay
43%
Serie A =7ème AS Rome 12 Artem Dovbyk
39%
Serie A =3ème Bologne 15 Riccardo Orsolini
22%
Liga 8ème Athletic Bilbao 15 Oihan Sancet
21%
Bundesliga 10ème Stuttgart 12 Nick Woltemade
19%
Liga 5ème Villarreal 19 Ayoze Perez
18%
Bundesliga =6ème Stuttgart 15 Ermedin Demirovic
18%
Bundesliga 4ème Mayence 18 Jonathan Burkardt
17%
Serie A =7ème Udinese 12 Lorenzo Lucca
17%
Bundesliga 5ème Borussia M'Gladbach 16 Tim Kleindienst
11%
Liga 10ème Espanyol Barcelone 12 Javi Puado
8%
Liga 9ème Alavès 13 Kike Garcia
8%
Aucun quiz correspondant
Distribution des résultats
% des personnes avec chaque résultat
Percentile par nombre de réponses
Votre historique - résultats
Vous n’avez pas pris ce quiz